Statistics for Second Word – Australian Birds #2

Click here to take the quiz!

General Stats

  • This quiz has been taken 9 times
  • The average score is 27 of 35

Answer Stats

HintAnswer% Correct
RegentBowerbird | Honeyeater | Parrot
100%
GreenCatbird | Junglefowl | Oriole | Pygmy-goose | Rosella | Sandpiper
100%
LaughingDove | Gull | Kookaburra
100%
Lewin'sHoneyeater | Rail
100%
ArcticJaeger | Tern | Warbler
100%
NankeenKestrel | Night-heron
100%
GreatBowerbird | Cormorant | Egret | Frigatebird | Knot | Shearwater
89%
EasternBristlebird | Curlew | Rosella | Spinebill | Whipbird
89%
OrientalCuckoo | Darter | Dollarbird | Honey-buzzard | Plover | Pratincole | Reed-warbler | Scops-owl | Turtle-dove
89%
MuskDuck | Lorikeet
89%
Red-cappedFlowerpecker | Parrot | Plover | Robin
89%
Red-neckedAvocet | Phalarope | Rail | Stint
78%
BlackBittern | Butcherbird | Currawong | Falcon | Grasswren | Honeyeater | Kite | Noddy | Swan | Tern
78%
ShiningBronze-cuckoo | Flycatcher | Starling
78%
SingingBushlark | Honeyeater
78%
PaintedButton-quail | Firetail | Honeyeater | Snipe
78%
Black-earedCatbird | Cuckoo | Miner
78%
OrangeChat
78%
MarbledFrogmouth
78%
BandedFruit-dove | Honeyeater | Lapwing | Stilt | Whiteface
78%
SwampHarrier
78%
BellMiner
78%
ChestnutMunia | Quail-thrush | Rail | Teal
78%
ChimingWedgebill
78%
Red-tailedBlack-cockatoo | Tropicbird
67%
Buff-breastedButton-quail | Paradise-kingfisher | Sandpiper
67%
Red-browedFinch | Pardalote | Treecreeper
67%
Large-billedGerygone | Scrubwren
67%
Yellow-billedKingfisher | Spoonbill
67%
KingPenguin | Quail
67%
BrushBronzewing | Cuckoo | Wattlebird
56%
BarredCuckoo-shrike
56%
Broad-billedFlycatcher | Prion | Sandpiper
56%
CapeGannet | Petrel
56%
OliveWhistler
44%

Score Distribution

Percentile by Number Answered

Percent of People with Each Score

Your Score History

You have not taken this quiz